[Event "Unterfranken-ch HB 62th"]
[Site "Gerolzhofen"]
[Date "2011.04.30"]
[Round "9"]
[White "Heinrich, Michael"]
[Black "Mauder, Manfred"]
[Result "1/2-1/2"]
[WhiteElo "1625"]
[BlackElo "1706"]
[PlyCount "29"]
[EventDate "2011.04.25"]
[EventType "swiss"]
[EventRounds "9"]
[EventCountry "GER"]
[SourceTitle "EXT 2015"]
[Source "ChessBase"]
[SourceDate "2014.11.20"]
[SourceVersion "1"]
[SourceVersionDate "2014.11.20"]
[SourceQuality "1"]

1. e4 d5 2. exd5 Qxd5 3. Nc3 Qa5 4. d4 Nf6 5. Nf3 Bf5 6. Bd2 Qb6 7. b3 c6 8. Be2 e6 9. 0-0 Nbd7 10. Na4 Qc7 11. Nb2 Ba3 12. Nc4 Be7 13. Bc1 0-0 14. Bb2 Rfd8 15. Bd3 1/2-1/2

[Event "Unterfranken-ch HB 62th"]
[Site "Gerolzhofen"]
[Date "2011.04.28"]
[Round "6"]
[White "Ress, Lothar"]
[Black "Mauder, Manfred"]
[Result "1/2-1/2"]
[WhiteElo "1565"]
[BlackElo "1706"]
[PlyCount "46"]
[EventDate "2011.04.25"]
[EventType "swiss"]
[EventRounds "9"]
[EventCountry "GER"]
[SourceTitle "EXT 2015"]
[Source "ChessBase"]
[SourceDate "2014.11.20"]
[SourceVersion "1"]
[SourceVersionDate "2014.11.20"]
[SourceQuality "1"]

1. d4 Nf6 2. c4 e6 3. Nf3 d5 4. cxd5 exd5 5. Nc3 c6 6. Bg5 Bf5 7. e3 Be7 8. Be2 0-0 9. 0-0 Nbd7 10. Re1 Ne4 11. Bxe7 Qxe7 12. Nxe4 Bxe4 13. Nd2 Bg6 14. Bh5 Qg5 15. Bxg6 Qxg6 16. Nf3 f5 17. Qc2 Rae8 18. Nh4 Qf7 19. f4 Nf6 20. Nf3 Ne4 21. Ne5 Qh5 22. Rf1 Re7 23. Rf3 Qe8 1/2-1/2

[Event "Unterfranken-ch HB 62th"]
[Site "Gerolzhofen"]
[Date "2011.04.28"]
[Round "5"]
[White "Werner, Stefan1111"]
[Black "Mauder, Manfred"]
[Result "0-1"]
[WhiteElo "1511"]
[BlackElo "1706"]
[PlyCount "78"]
[EventDate "2011.04.25"]
[EventType "swiss"]
[EventRounds "9"]
[EventCountry "GER"]
[SourceTitle "EXT 2015"]
[Source "ChessBase"]
[SourceDate "2014.11.20"]
[SourceVersion "1"]
[SourceVersionDate "2014.11.20"]
[SourceQuality "1"]

1. d4 Nf6 2. c4 e6 3. a3 d5 4. Nc3 Be7 5. Nf3 0-0 6. e3 Nbd7 7. Qc2 c5 8. Be2 b6 9. Bd2 Bb7 10. cxd5 Nxd5 11. 0-0 Rc8 12. Nxd5 Bxd5 13. Bc3 Nf6 14. Ne5 cxd4 15. exd4 Qc7 16. Bf3 Bxf3 17. Nxf3 Nd5 18. Rac1 Bxa3 19. Qd2 Be7 20. Rc2 Qd7 21. Ne5 Qb7 22. Rfc1 Bf6 23. Ng4 Rc7 24. Ne3 Bg5 25. Bb4 Rxc2 26. Rxc2 Rc8 27. Rxc8+ Qxc8 28. Bd6 f6 29. g3 Nxe3 30. fxe3 Qc6 31. Bf4 Bxf4 32. gxf4 f5 33. Qc3 Qxc3 34. bxc3 Kf7 35. Kf2 Ke7 36. Ke2 Kd6 37. Kd3 b5 38. Kc2 Kd5 39. Kb3 a5 0-1

[Event "Unterfranken-ch HB 62th"]
[Site "Gerolzhofen"]
[Date "2011.04.25"]
[Round "1"]
[White "Simon, Manuel"]
[Black "Mauder, Manfred"]
[Result "0-1"]
[WhiteElo "1347"]
[BlackElo "1706"]
[PlyCount "68"]
[EventDate "2011.04.25"]
[EventType "swiss"]
[EventRounds "9"]
[EventCountry "GER"]
[SourceTitle "EXT 2015"]
[Source "ChessBase"]
[SourceDate "2014.11.20"]
[SourceVersion "1"]
[SourceVersionDate "2014.11.20"]
[SourceQuality "1"]

1. e4 d5 2. exd5 Qxd5 3. Nc3 Qa5 4. d4 Nf6 5. Nf3 Bf5 6. Bc4 e6 7. 0-0 c6 8. Bf4 Nbd7 9. Re1 Be7 10. h3 0-0 11. Ne5 Rfe8 12. Bd3 Bxd3 13. Qxd3 Qc7 14. Ne4 Nxe4 15. Qxe4 Nf6 16. Qf3 Qb6 17. c3 c5 18. Be3 Qxb2 19. Nd3 Qxc3 20. Nxc5 b6 21. Ne4 Nxe4 22. Qxe4 Bf6 23. Rec1 Qa5 24. Qb7 Rab8 25. Qc7 Qa6 26. Rc6 Rbc8 27. Qd7 Red8 28. Rxc8 Rxc8 29. f3 h6 30. Kf2 g5 31. a4 Rc2+ 32. Kg3 Qe2 33. Kg4 Qxg2+ 34. Kh5 Qxh3# 0-1

[Event "Unterfranken-ch HB 60th"]
[Site "Obernau"]
[Date "2009.04.14"]
[Round "4"]
[White "Mauder, Manfred"]
[Black "Helgert, Johannes"]
[Result "0-1"]
[WhiteElo "1618"]
[BlackElo "1738"]
[PlyCount "124"]
[EventDate "2009.04.13"]
[EventType "swiss"]
[EventRounds "9"]
[EventCountry "GER"]
[SourceTitle "EXT 2015"]
[Source "ChessBase"]
[SourceDate "2014.11.20"]
[SourceVersion "1"]
[SourceVersionDate "2014.11.20"]
[SourceQuality "1"]

1. Nf3 e6 2. c4 Nf6 3. d4 Bb4+ 4. Bd2 Qe7 5. a3 Bxd2+ 6. Qxd2 Ne4 7. Qc2 f5 8. Nc3 Nxc3 9. Qxc3 b6 10. g3 Bb7 11. Bg2 d6 12. 0-0 Nd7 13. b4 0-0 14. Nh4 Bxg2 15. Nxg2 Rad8 16. f4 Nf6 17. Qc2 c5 18. e3 Ne4 19. Nh4 cxd4 20. exd4 Rc8 21. Rac1 Rc7 22. Qa2 Kh8 23. Rc2 Rfc8 24. Rfc1 Qe8 25. Nf3 Qe7 26. Nd2 Nf6 27. Qb3 e5 28. dxe5 dxe5 29. fxe5 Qxe5 30. Qf3 Ng4 31. Nb3 Qe3+ 32. Qxe3 Nxe3 33. Rc3 Rxc4 34. Rxc4 Rxc4 35. Rxc4 Nxc4 36. a4 g6 37. a5 bxa5 38. bxa5 Ne5 39. Nd4 Kg7 40. h3 Kf6 41. Kf2 g5 42. a6 f4 43. gxf4 gxf4 44. Nb5 Nc6 45. Kf3 Ke5 46. h4 h5 47. Nc7 Nd4+ 48. Kf2 Kf5 49. Nd5 Kg4 50. Ne7 Kxh4 51. Nc8 Nc6 52. Kf3 Kg5 53. Nd6 Nd4+ 54. Ke4 Ne6 55. Kf3 h4 56. Nc8 Nd4+ 57. Kf2 Nb5 58. Kf3 h3 59. Ne7 Nd4+ 60. Kf2 Kg4 61. Ng6 Nc6 62. Kg1 Kg3 0-1

[Event "Unterfranken-ch HA 53th"]
[Site "Wuerzburg"]
[Date "2002.??.??"]
[Round "?"]
[White "Barthel, Fabian"]
[Black "Mauder, Manfred"]
[Result "1-0"]
[WhiteElo "1429"]
[BlackElo "1714"]
[PlyCount "50"]
[EventDate "2002.04.01"]
[EventType "swiss"]
[EventRounds "9"]
[EventCountry "GER"]
[SourceTitle "EXT 2015"]
[Source "ChessBase"]
[SourceDate "2014.11.20"]
[SourceVersion "1"]
[SourceVersionDate "2014.11.20"]
[SourceQuality "1"]

1. e4 d5 2. exd5 Qxd5 3. Nc3 Qa5 4. Bc4 Nf6 5. d3 c6 6. Nf3 Bg4 7. 0-0 e6 8. Be3 Nbd7 9. Ne4 Be7 10. Qd2 Qxd2 11. Nfxd2 0-0 12. f4 Nb6 13. Nxf6+ Bxf6 14. Bxb6 axb6 15. c3 c5 16. Ne4 Be7 17. h3 Bh5 18. g4 Bg6 19. Ng3 h6 20. Rae1 Bh4 21. Re3 Rad8 22. f5 exf5 23. Nxf5 Rfe8 24. Rxe8+ Rxe8 25. Nxh4 Bh7 1-0

[Event "Unterfranken-ch HA 53th"]
[Site "Wuerzburg"]
[Date "2002.??.??"]
[Round "?"]
[White "Fischer, Uwe"]
[Black "Mauder, Manfred"]
[Result "1/2-1/2"]
[WhiteElo "1758"]
[BlackElo "1714"]
[PlyCount "68"]
[EventDate "2002.04.01"]
[EventType "swiss"]
[EventRounds "9"]
[EventCountry "GER"]
[SourceTitle "EXT 2015"]
[Source "ChessBase"]
[SourceDate "2014.11.20"]
[SourceVersion "1"]
[SourceVersionDate "2014.11.20"]
[SourceQuality "1"]

1. e4 d5 2. exd5 Qxd5 3. Nc3 Qa5 4. d4 c6 5. Nf3 Nf6 6. Ne5 Bf5 7. Nc4 Qc7 8. Be2 Nbd7 9. Bg5 h6 10. Bh4 e6 11. Bg3 Qd8 12. Bf3 Be7 13. Nd6+ Bxd6 14. Bxd6 Nb6 15. Bg3 0-0 16. b3 Qd7 17. Qd2 Rfd8 18. Rd1 a5 19. a4 Nbd5 20. Nxd5 exd5 21. 0-0 Ne4 22. Bxe4 Bxe4 23. f3 Bg6 24. Rde1 b6 25. Re5 Re8 26. Rfe1 Rxe5 27. Rxe5 f6 28. Re3 Re8 29. Rxe8+ Bxe8 30. Kf2 Qe7 31. Qe2 Kf8 32. Ke1 Bg6 33. Qxe7+ Kxe7 34. Kd2 Kd7 1/2-1/2

[Event "Unterfranken-ch HB 48th"]
[Site "Bergrheinfeld"]
[Date "1997.??.??"]
[Round "2"]
[White "Assmann, Armin"]
[Black "Mauder, Manfred"]
[Result "1/2-1/2"]
[WhiteElo "1600"]
[BlackElo "1742"]
[PlyCount "114"]
[EventDate "1997.03.31"]
[EventType "swiss"]
[EventRounds "9"]
[EventCountry "GER"]
[SourceTitle "EXT 2015"]
[Source "ChessBase"]
[SourceDate "2014.11.20"]
[SourceVersion "1"]
[SourceVersionDate "2014.11.20"]
[SourceQuality "1"]

1. e4 e6 2. d4 d5 3. exd5 exd5 4. Bd3 Bd6 5. Ne2 Ne7 6. Bf4 0-0 7. Bxd6 Qxd6 8. 0-0 Bf5 9. Ng3 Bg6 10. c3 Nd7 11. Na3 c5 12. Bxg6 hxg6 13. dxc5 Qxc5 14. Re1 Nc6 15. Qd2 Nf6 16. Rad1 Rfe8 17. Rxe8+ Rxe8 18. Nc2 Ne4 19. Qe3 Qc4 20. Ra1 Kf8 21. Na3 Qa6 22. Nxe4 dxe4 23. Re1 Qb6 24. Qxb6 axb6 25. Kf1 f5 26. f3 e3 27. f4 Na5 28. Ke2 Kf7 29. Kf3 Rd8 30. Kxe3 Kf6 31. Kf3 Rd2 32. Re2 Rd1 33. Ke3 g5 34. g3 gxf4+ 35. gxf4 Nc6 36. Nb5 g5 37. fxg5+ Kxg5 38. Rg2+ Kf6 39. Rf2 Ne5 40. Rg2 Rb1 41. b3 Rd1 42. c4 Rd3+ 43. Ke2 Rd7 44. Nc3 Kf7 45. Rf2 Kg6 46. Nd5 b5 47. Nf4+ Kg5 48. Ne6+ Kf6 49. Nc5 Re7 50. Ne4+ Kg6 51. Rg2+ Kh6 52. Ng3 Rf7 53. Rf2 f4 54. Ne4 bxc4 55. bxc4 Nxc4 56. Kd3 Ne5+ 57. Kd4 Ng6 1/2-1/2

[Event "Unterfranken-ch HB 48th"]
[Site "Bergrheinfeld"]
[Date "1997.??.??"]
[Round "8"]
[White "Koehler, Daniel"]
[Black "Mauder, Manfred"]
[Result "0-1"]
[WhiteElo "1534"]
[BlackElo "1742"]
[PlyCount "120"]
[EventDate "1997.03.31"]
[EventType "swiss"]
[EventRounds "9"]
[EventCountry "GER"]
[SourceTitle "EXT 2015"]
[Source "ChessBase"]
[SourceDate "2014.11.20"]
[SourceVersion "1"]
[SourceVersionDate "2014.11.20"]
[SourceQuality "1"]

1. e4 c5 2. Nf3 d6 3. d4 cxd4 4. Nxd4 Nf6 5. Nc3 Nc6 6. Be3 g6 7. Bd3 Bg7 8. Qd2 Ng4 9. Nde2 Nxe3 10. Qxe3 0-0 11. 0-0-0 Ne5 12. f4 Nxd3+ 13. Rxd3 Qc7 14. Nd5 Qd8 15. e5 e6 16. Nf6+ Bxf6 17. exf6 d5 18. Qe5 b6 19. g4 Ba6 20. Rd2 Bxe2 21. Rxe2 Rc8 22. g5 Qc7 23. Qe3 Qc4 24. Kb1 b5 25. Rhe1 a5 26. Qh3 Kh8 27. f5 gxf5 28. c3 Rg8 29. Qh5 Rg6 30. Re3 Qg4 31. Qxg4 fxg4 32. h4 h5 33. b3 Rc6 34. Rg3 Kh7 35. Re5 Rg8 36. a3 Kg6 37. Kc2 b4 38. axb4 axb4 39. c4 dxc4 40. bxc4 Rxc4+ 41. Kb3 Rgc8 42. Rb5 Rc3+ 43. Rxc3 bxc3 44. Kc2 Rc7 45. Re5 Rc4 46. Re1 Rc5 47. Rf1 e5 48. Rf2 e4 49. Re2 Kf5 50. Rf2+ Kg6 51. Re2 Rc4 52. Re1 Rc8 53. Rxe4 Kf5 54. Re3 Kf4 55. Rxc3 Re8 56. Kd2 g3 57. Rc1 g2 58. g6 fxg6 59. f7 Rf8 60. Ke2 Kg3 0-1

[Event "Unterfranken-ch HB 48th"]
[Site "Bergrheinfeld"]
[Date "1997.??.??"]
[Round "3"]
[White "Mauder, Manfred"]
[Black "Reichel, Guenther"]
[Result "1-0"]
[WhiteElo "1742"]
[BlackElo "1624"]
[PlyCount "133"]
[EventDate "1997.03.31"]
[EventType "swiss"]
[EventRounds "9"]
[EventCountry "GER"]
[SourceTitle "EXT 2015"]
[Source "ChessBase"]
[SourceDate "2014.11.20"]
[SourceVersion "1"]
[SourceVersionDate "2014.11.20"]
[SourceQuality "1"]

1. Nf3 c5 2. c4 d6 3. g3 g6 4. Bg2 Bg7 5. 0-0 Nf6 6. d4 cxd4 7. Nxd4 0-0 8. Nc3 a6 9. b3 Qc7 10. e4 Bd7 11. Nd5 Nxd5 12. exd5 e6 13. dxe6 fxe6 14. Bb2 Nc6 15. Qd2 e5 16. Ne2 Rad8 17. Rad1 Bg4 18. f3 Bf5 19. Ba3 Rf6 20. Nc3 Ne7 21. Kh1 Qa5 22. Bc1 b5 23. cxb5 axb5 24. Nd5 Qxd2 25. Nxe7+ Kf7 26. Bxd2 Kxe7 27. Bg5 Ra8 28. Rf2 Ke6 29. Bxf6 Bxf6 30. f4 e4 31. Rfd2 Rd8 32. h3 h5 33. Rd5 b4 34. Kg1 Ke7 35. Re1 Bc3 36. Re2 Ke6 37. Rd1 d5 38. Bxe4 Bxe4 39. Rxe4+ Kf5 40. Re2 d4 41. Rd3 Rd6 42. Kg2 Rd7 43. Kf3 Rh7 44. Re5+ Kf6 45. Ra5 Re7 46. a4 bxa3 47. Rxa3 Re1 48. Ra6+ Kg7 49. Rb6 Rh1 50. h4 Rf1+ 51. Ke4 Re1+ 52. Kd5 Kf7 53. b4 Re8 54. b5 Rd8+ 55. Kc6 Ba5 56. Rb7+ Kf6 57. b6 Ke6 58. Rg7 Rd6+ 59. Kb7 Rxb6+ 60. Ka7 Kf5 61. Rxd4 Rb5 62. Rd3 Be1 63. Re7 Bf2+ 64. Ka6 Rb6+ 65. Ka5 Rb2 66. Re5+ Kg4 67. Rg5+ 1-0

[Event "Unterfranken-ch H2 46th"]
[Site "Karlburg"]
[Date "1995.??.??"]
[Round "?"]
[White "Kueffner, Wolfgang"]
[Black "Mauder, Manfred"]
[Result "1-0"]
[WhiteElo "1846"]
[BlackElo "1700"]
[PlyCount "53"]
[EventDate "1995.04.17"]
[EventType "swiss"]
[EventRounds "9"]
[EventCountry "GER"]
[SourceTitle "EXT 2015"]
[Source "ChessBase"]
[SourceDate "2014.11.20"]
[SourceVersion "1"]
[SourceVersionDate "2014.11.20"]
[SourceQuality "1"]

1. d4 Nf6 2. Nf3 e6 3. e3 d5 4. Bd3 b6 5. Nbd2 c5 6. c3 Ba6 7. Bxa6 Nxa6 8. Qa4+ Qd7 9. Qxa6 c4 10. Ne5 Qc7 11. Qa4+ Kd8 12. 0-0 a6 13. Qc2 Bd6 14. f4 Ne8 15. Ndf3 f6 16. Ng4 g6 17. e4 f5 18. exf5 gxf5 19. Nge5 Qg7 20. Ng5 Ke7 21. Qe2 Nc7 22. Ngf7 Rhg8 23. Nxd6 Kxd6 24. b3 Ke7 25. Rf2 b5 26. Ba3+ Kf6 27. Qh5 1-0

[Event "Unterfranken-ch H2 46th"]
[Site "Karlburg"]
[Date "1995.??.??"]
[Round "?"]
[White "Mauder, Manfred"]
[Black "Haida, Christoph"]
[Result "1-0"]
[WhiteElo "1700"]
[BlackElo "1512"]
[PlyCount "88"]
[EventDate "1995.04.17"]
[EventType "swiss"]
[EventRounds "9"]
[EventCountry "GER"]
[SourceTitle "EXT 2015"]
[Source "ChessBase"]
[SourceDate "2014.11.20"]
[SourceVersion "1"]
[SourceVersionDate "2014.11.20"]
[SourceQuality "1"]

1. Nf3 Nf6 2. c4 g6 3. b4 Bg7 4. Bb2 0-0 5. g3 d6 6. Bg2 c5 7. a3 Qb6 8. b5 Be6 9. d3 a6 10. a4 axb5 11. cxb5 d5 12. 0-0 Nbd7 13. Nbd2 c4 14. dxc4 dxc4 15. Bd4 Qc7 16. Qc2 Nb6 17. e4 Rac8 18. a5 Na8 19. b6 Qd7 20. Bc3 Bh3 21. Rad1 Bxg2 22. Kxg2 Qc6 23. Rfe1 Nd7 24. Bxg7 Kxg7 25. Qc3+ f6 26. Nd4 Qd6 27. N2f3 Kf7 28. Nf5 Qc6 29. N3d4 Qa4 30. Nh6+ Ke8 31. Ne6 Rh8 32. Nd4 Ne5 33. Ra1 Qd7 34. Rad1 Nd3 35. Re2 Kf8 36. h3 Kg7 37. Ng4 Rhd8 38. Nf3 Qb5 39. e5 f5 40. e6+ Ne5 41. Rxd8 Rxd8 42. Qxe5+ Qxe5 43. Ngxe5 c3 44. Rc2 Rc8 1-0

[Event "Unterfranken-ch H2 46th"]
[Site "Karlburg"]
[Date "1995.??.??"]
[Round "?"]
[White "Mauder, Manfred"]
[Black "Hartlaub, Marianne"]
[Result "1-0"]
[WhiteElo "1700"]
[BlackElo "1598"]
[PlyCount "143"]
[EventDate "1995.04.17"]
[EventType "swiss"]
[EventRounds "9"]
[EventCountry "GER"]
[SourceTitle "EXT 2015"]
[Source "ChessBase"]
[SourceDate "2014.11.20"]
[SourceVersion "1"]
[SourceVersionDate "2014.11.20"]
[SourceQuality "1"]

1. Nf3 c5 2. c4 e6 3. g3 Nf6 4. Bg2 d5 5. cxd5 exd5 6. 0-0 Nc6 7. d3 Be7 8. Nc3 0-0 9. Qc2 a6 10. Nd2 Nb4 11. Qd1 Be6 12. a3 Nc6 13. Nf3 b5 14. e4 b4 15. Ne2 dxe4 16. Ng5 Qc8 17. dxe4 Rd8 18. Qa4 Bd7 19. Qc2 Ne5 20. Bf4 Bd6 21. Rfd1 Qc7 22. axb4 cxb4 23. Qxc7 Bxc7 24. Rac1 Rac8 25. Rxc7 Rxc7 26. Bxe5 Rc2 27. Nf4 h6 28. Ngh3 Kf8 29. Nd5 Be6 30. Nhf4 Bg4 31. Re1 Ne8 32. h3 Bc8 33. Nxb4 Rc4 34. Bc3 g5 35. Ne2 Nc7 36. Nd5 Nb5 37. Nb6 Rc6 38. Nxc8 Nxc3 39. Nxc3 Rcxc8 40. Re2 Rb8 41. Nd5 a5 42. Kh2 Rb3 43. Nf6 Rdb8 44. Nd7+ Ke7 45. Nxb8 Rxb8 46. Rc2 Kd6 47. Bf1 Rb4 48. f3 Rd4 49. Kg2 Rd1 50. Bc4 f6 51. Bd5 Rb1 52. b3 Ra1 53. f4 Kd7 54. Kf3 h5 55. h4 gxh4 56. gxh4 Ra3 57. f5 a4 58. Bc6+ Kd6 59. Bxa4 Ra1 60. Rd2+ Ke7 61. Kg2 Re1 62. Bc6 Re3 63. b4 Rb3 64. b5 Rb4 65. Rd3 Rb1 66. Rd7+ Kf8 67. Rh7 Rb3 68. Rxh5 Kg7 69. e5 fxe5 70. Rg5+ Kf6 71. Bd7 e4 72. Rg6+ 1-0